| 000 | 01138nas a2200289 4500 | ||
|---|---|---|---|
| 001 | BR8401487 | ||
| 003 | BR-BrBNA | ||
| 005 | 20231205085835.0 | ||
| 007 | ta | ||
| 008 | 230509b bl.|||p| |||| 00| 00por d | ||
| 040 |
_aBR-BrBNA _bpor _cBiblioteca Nacional de Agricultura |
||
| 041 | _a(Pt) | ||
| 072 | _aL72 | ||
| 100 | 1 | _aStarke, W.A. | |
| 100 | 1 | _aMachado, R.Z. | |
| 100 | 1 | _aZocoller, M.C. | |
| 100 | 1 | _aHoner, M.R. | |
| 100 | 1 | _aLopes, C.W.G. | |
| 245 | 1 |
_aParacooperia nodulosa (Schwartz, 1928)Travassos, 1937 em bufalos (Bubalus bubalis L.)em Andradina, Sao Paulo. Aspectos morfologicos e patologia [verminose, Brasil] _bParte de tese |
|
| 246 | 1 |
_aParacooperia nodulosa (Schwartz, 1928)Travassos, 1937 in buffaloes (Bubalus bubalis L.)in Andradina, Sao Paulo. Morphological aspects and pathology [verminosis, Brazil] _b[Part of thesis] |
|
| 650 | _aBUFALO | ||
| 650 | _aVERMINOSE | ||
| 650 | _aSAO PAULO | ||
| 773 | 0 |
_tArquivo Brasileiro de Medicina Veterinaria e Zootecnia (Brazil) _xISSN 0365-8384 _g(Apr 1983), v. 35(2) p. 179-191 _wBR8401487 |
|
| 909 |
_a202311 _bLúcia _c55 _dLúcia Elande |
||
| 942 |
_2AGRIS _n0 _cANA |
||
| 999 |
_c114200 _d114200 |
||